000 00688nam a22002297a 4500
003 UA-OsUOA
001 74338
007 ta
008 20110405b un ||||| |||| 00| 0 ukr d
090 _a94(477) "18/19"
_bП78
942 _cBK
040 _aUA-OsUOA
_bukr
_cUA-OsUOA
_dUA-OsUOA
245 _aПроблеми історії України ХІХ - початку ХХ ст.
_cгол. редколегії О. П.Реєнт
300 _a233 с.
955 _a2
041 _aukr
080 _a94(477) "18/19"
260 _aК.
_bІІУ НАНУ
_c2007
250 _nВип. ХІІІ
650 7 _a9 Географія. Біографії. Історія
_2UDC
999 _c360627
_d360627